Analyzing superfund : economics, science, and law

Αποθηκεύτηκε σε:
Λεπτομέρειες βιβλιογραφικής εγγραφής
Άλλοι συγγραφείς: Revesz, Richard L., 1958- (Επιμελητής έκδοσης), Stewart, Richard B. (Επιμελητής έκδοσης)
Μορφή: Βιβλίο
Γλώσσα:English
Δημοσίευση: Washington, DC : Resources for the future, c1995
Θέματα:
Ετικέτες: Προσθήκη ετικέτας
Δεν υπάρχουν, Καταχωρήστε ετικέτα πρώτοι!

MARC

LEADER 00000cam a2200000 i 4500
001 1/10039
008 000829s1995 eng d
020 |a 0-915707-75-6 
035 |l 10063285 
040 |a GR-MY-UA  |b gre  |e aacr 
041 0 |a eng 
082 0 |a 363.72870973 
245 1 0 |a Analyzing superfund :  |b economics, science, and law /  |c Edited by Richard L. Revesz and Richard B. Stewart 
260 |a Washington, DC :   |b Resources for the future,   |c c1995 
300 |a 263 p.  |b fig.; tabl. 
504 |a Includes bibliographical references and index 
650 0 0 |a Pollution  |x Economic aspects  |z United States. 
650 0 0 |a Transaction costs. 
650 0 0 |a Liability for hazardous substances pollution damages  |z United States. 
650 0 0 |a Hazardous substances  |x Law and legislation  |z United States. 
650 0 0 |a Hazardous waste site remediation  |z United States. 
650 0 0 |a Environmental remediation  |z United States. 
700 1 |a Revesz, Richard L.,   |d 1958-  |4 edt 
700 1 |a Stewart, Richard B.  |4 edt 
852 |a INST  |b LESVOS  |e 20000829  |h 363.72870973 ANA  |p 005100025415  |q 005100025415  |t BK  |y 0 
901 |a BIBL1-2000-2 
909 |a Λ  |b 080874 
922 |a 1ΕΛΗ  |b 200008  |c ΚΠΣ/ΠΜΣ  |d ΠΑΠΑΣΩΤΗΡΙΟΥ 
950 |a 157-1999-10-15 
970 |a ΜΟΥΣΤΑΚΑ  |b ΠΗΝΕΛΟΠΗ  |z 2000/08/30